| 000 -LEADER |
| fixed length control field |
02539cam a2200349 a 4500 |
| 001 - CONTROL NUMBER |
| control field |
15906839 |
| 003 - CONTROL NUMBER IDENTIFIER |
| control field |
NUST |
| 005 - DATE AND TIME OF LATEST TRANSACTION |
| control field |
20220801154632.0 |
| 008 - FIXED-LENGTH DATA ELEMENTS--GENERAL INFORMATION |
| fixed length control field |
090915s2010 mdua b 001 0 eng |
| 010 ## - LIBRARY OF CONGRESS CONTROL NUMBER |
| LC control number |
2009038321 |
| 020 ## - INTERNATIONAL STANDARD BOOK NUMBER |
| International Standard Book Number |
9781598570168 (pbk.) |
| 020 ## - INTERNATIONAL STANDARD BOOK NUMBER |
| International Standard Book Number |
1598570161 (pbk.) |
| 035 ## - SYSTEM CONTROL NUMBER |
| System control number |
(OCoLC)ocn436946071 |
| 038 ## - RECORD CONTENT LICENSOR |
| Staff Name |
Azhar |
| 040 ## - CATALOGING SOURCE |
| Original cataloging agency |
DLC |
| Transcribing agency |
DLC |
| Modifying agency |
C#P |
| -- |
CDX |
| -- |
YDXCP |
| -- |
DLC |
| 043 ## - GEOGRAPHIC AREA CODE |
| Geographic area code |
n-us--- |
| 050 00 - LIBRARY OF CONGRESS CALL NUMBER |
| Classification number |
LC4813 |
| Item number |
.P74 2010 |
| 082 00 - DEWEY DECIMAL CLASSIFICATION NUMBER |
| Classification number |
371.90474 |
| Edition number |
22 |
| Author Mark |
PRE |
| 245 00 - TITLE STATEMENT |
| Title |
Preparing students with disabilities for college success : |
| Remainder of title |
a practical guide to transition planning |
| Statement of responsibility, etc. |
edited by Stan F. Shaw, Joseph W. Madaus, and Lyman L. Dukes, III. |
| 260 ## - PUBLICATION, DISTRIBUTION, ETC. |
| Place of publication, distribution, etc. |
Baltimore : |
| Name of publisher, distributor, etc. |
Paul H. Brookes Pub. Co., |
| Date of publication, distribution, etc. |
c2010. |
| 300 ## - PHYSICAL DESCRIPTION |
| Extent |
xvii, 293 p. : |
| Other physical details |
ill. ; |
| Dimensions |
26 cm. |
| 504 ## - BIBLIOGRAPHY, ETC. NOTE |
| Bibliography, etc. note |
Includes bibliographical references and index. |
| 505 0# - FORMATTED CONTENTS NOTE |
| Formatted contents note |
Introduction / Joseph W. Madaus, Stan F. Shaw, and Lyman L. Dukes, III -- Considerations for the transition to college / Joan M. McGuire -- Let's be reasonable : accommodations at the college level / Joseph W. Madaus -- Teaching students with disabilities self-determination skills to equalize access and increase opportunities for postsecondary educational success / James E. Martin, Juan Portley, and John W. Graham -- Using a schoolwide model to foster successful transition to college : providing comprehensive academic and behavioral supports to all learners / Michael Faggella-Luby, K. Brigid Flannery, and Brandi Simonsen -- Technology trends and transition for students with disabilities / Manju Banerjee -- How secondary personnel can work with families to foster effective transition planning / Carol A. Kochhar-Bryant -- Gathering data to determine eligibility for services and accommodations / Lyman L. Dukes, III -- The college search / Nick Elksnin and Linda K. Elksnin -- Helping students with disabilities navigate the college admissions process / Manju Banerjee and Loring C. Brinckerhoff -- Planning for the transition to college / Stan F. Shaw. |
| 650 #0 - SUBJECT ADDED ENTRY--TOPICAL TERM |
| Topical term or geographic name entry element |
People with disabilities |
| General subdivision |
Education (Higher) |
| Geographic subdivision |
United States. |
| 9 (RLIN) |
96145 |
| 650 #0 - SUBJECT ADDED ENTRY--TOPICAL TERM |
| Topical term or geographic name entry element |
College students with disabilities |
| Geographic subdivision |
United States. |
| 9 (RLIN) |
96146 |
| 700 1# - ADDED ENTRY--PERSONAL NAME |
| Personal name |
Shaw, Stan F. |
| 9 (RLIN) |
96147 |
| 700 1# - ADDED ENTRY--PERSONAL NAME |
| Personal name |
Madaus, Joseph W. |
| 9 (RLIN) |
96148 |
| 700 1# - ADDED ENTRY--PERSONAL NAME |
| Personal name |
Dukes, Lyman L. |
| Fuller form of name |
(Lyman Lee) |
| 9 (RLIN) |
96149 |
| 906 ## - LOCAL DATA ELEMENT F, LDF (RLIN) |
| a |
7 |
| b |
cbc |
| c |
orignew |
| d |
1 |
| e |
ecip |
| f |
20 |
| g |
y-gencatlg |
| 942 ## - ADDED ENTRY ELEMENTS (KOHA) |
| Source of classification or shelving scheme |
|
| Koha item type |
Lincoln Corner |